| 000 | 01315cam a2200277 4500 | ||
|---|---|---|---|
| 001 | ABS67916 | ||
| 008 | 040630n2004 000 0 eng u | ||
| 035 | _a(Sirsi) u126658 | ||
| 100 | _aAlmer, A. | ||
| 245 | _aMultimedia for e-communities and eco-tourism | ||
| 260 | _c2004 | ||
| 490 |
_aGeo Informatics _vJune 2004, 46-49(3) |
||
| 520 | _aMany rural communities are attempting to develop their eco-tourism potential. Tourism in these areas and particularly in national parks and nature reserves can be regarded as a very important but also very sensitive economic issue. It is believed that by using new geo-multimedia technologies for the presentation of tourist information about rural areas, sustainable development in these regions will be enhanced. Innovative strategies for the presentation of tourist information need to consider the spatial context of data and have to be optimised for important target groups. [Taken from journal abstract]. | ||
| 590 | _aABS | ||
| 590 | _aABS | ||
| 650 | _aECOLOGICAL CONSIDERATIONS | ||
| 650 | _aSUSTAINABLE DEVELOPMENTS | ||
| 650 | _aGEOTECHNOLOGY | ||
| 650 | _aRURAL COMMUNITIES | ||
| 650 | _aNATIONAL PARKS | ||
| 650 | _aNATURE RESERVES | ||
| 690 | _aDEVELOPMENT-SUSTAINABLE | ||
| 700 | _aStelzl, H. | ||
| 700 | _aSchnabel, T. | ||
| 942 | _n0 | ||
| 999 |
_c117628 _d117628 |
||